000 00308nam a2200133 i 4500
001 bg
245 0 _aZadania z fizyki dla kandydatów na wyższe uczelnie.
250 _aWyd.3.
260 _aWarszawa,
_c1973.
040 _cBPK
041 _apol
942 _cKS
008 s pl f |000 0 pol
999 _c20123
_d20123
856 _uhttp://koha.tu.koszalin.pl/cgi-bin/koha/opac-detail.pl?biblionumber=20123
_yKatalog online BPK